Глубинный тепловой поток и нефтегазоносность Ямала; Проблемы геологии и освоения недр; Т. 1

Dettagli Bibliografici
Parent link:Проблемы геологии и освоения недр: труды XXII Международного симпозиума имени академика М. А. Усова студентов и молодых ученых, посвященного 155-летию со дня рождения академика В.А. Обручева, 135-летию со дня рождения академика М.А. Усова, основателей Сибирской горно-геологической школы, и 110-летию первого выпуска горных инженеров в Сибири, Томск, 2-7 апреля 2018 г./ Национальный исследовательский Томский политехнический университет, Инженерная школа природных ресурсов ; под ред. А. С. Боева.— , 2018
Т. 1.— 2018.— [С. 410-411]
Autore principale: Крутенко Д. С. Даниил Сергеевич
Enti autori: Национальный исследовательский Томский политехнический университет Инженерная школа природных ресурсов Отделение геологии, Российская академия наук (РАН) Геологический институт (ГИН)
Altri autori: Галиева М. Ф. Маргарита Фаритовна (научный руководитель), Исаев В. И. Валерий Иванович, Хуторской М. Д.
Riassunto:Заглавие с экрана
Lingua:russo
Pubblicazione: 2018
Serie:Геофизические методы исследования земли и поисков и разведки месторождений полезных ископаемых. Геоинформационные системы в геофизических исследованиях
Soggetti:
Accesso online:http://earchive.tpu.ru/handle/11683/50620
Natura: MixedMaterials Elettronico Capitolo di libro
KOHA link:https://koha.lib.tpu.ru/cgi-bin/koha/opac-detail.pl?biblionumber=627764

MARC

LEADER 00000naa2a2200000 4500
001 627764
005 20260126144053.0
035 |a (RuTPU)RU\TPU\conf\27757 
035 |a RU\TPU\conf\27752 
090 |a 627764 
100 |a 20180925d2018 k y0rusy50 ca 
101 0 |a rus 
102 |a RU 
105 |a y z 100zy 
135 |a drcn ---uucaa 
181 0 |a i  
182 0 |a b 
200 1 |a Глубинный тепловой поток и нефтегазоносность Ямала  |f Д. С. Крутенко, М. Ф. Галиева  |g науч. рук. В. И. Исаев, М. Д. Хуторской 
203 |a Текст  |c электронный 
225 1 |a Геофизические методы исследования земли и поисков и разведки месторождений полезных ископаемых. Геоинформационные системы в геофизических исследованиях 
300 |a Заглавие с экрана 
320 |a [Библиогр.: с. 411 (5 назв.)] 
461 1 |0 (RuTPU)RU\TPU\conf\27247  |t Проблемы геологии и освоения недр  |o труды XXII Международного симпозиума имени академика М. А. Усова студентов и молодых ученых, посвященного 155-летию со дня рождения академика В.А. Обручева, 135-летию со дня рождения академика М.А. Усова, основателей Сибирской горно-геологической школы, и 110-летию первого выпуска горных инженеров в Сибири, Томск, 2-7 апреля 2018 г.  |o в 2 т.  |f Национальный исследовательский Томский политехнический университет, Инженерная школа природных ресурсов ; под ред. А. С. Боева  |d 2018 
463 1 |0 (RuTPU)RU\TPU\conf\27248  |t Т. 1  |v [С. 410-411]  |d 2018 
610 1 |a труды учёных ТПУ 
610 1 |a электронный ресурс 
610 1 |a глубинные потоки 
610 1 |a тепловые потоки 
610 1 |a нефтегазоносность 
610 1 |a Ямал 
610 1 |a корреляция 
610 1 |a месторождения углеводородов 
700 1 |a Крутенко  |b Д. С.  |c горный инженер-геофизик  |c ассистент кафедры Томского политехнического университета  |f 1998-  |g Даниил Сергеевич  |3 (RuTPU)RU\TPU\pers\46964  |9 22563 
701 1 |a Галиева  |b М. Ф.  |c горный инженер  |c ассистент кафедры Томского политехнического университета  |f 1998-  |g Маргарита Фаритовна  |y Томск  |3 (RuTPU)RU\TPU\pers\46963  |9 22562 
702 1 |a Исаев  |b В. И.  |c геолог  |c профессор Томского политехнического университета, доктор геолого-минералогических наук  |f 1952-  |g Валерий Иванович  |4 727 
702 1 |a Хуторской  |b М. Д.  |4 727 
712 0 2 |a Национальный исследовательский Томский политехнический университет  |b Инженерная школа природных ресурсов  |b Отделение геологии  |3 (RuTPU)RU\TPU\col\23542 
712 0 2 |a Российская академия наук (РАН)  |b Геологический институт (ГИН)  |c (Москва)  |3 (RuTPU)RU\TPU\col\165 
801 2 |a RU  |b 63413507  |c 20210924  |g RCR 
856 4 |u http://earchive.tpu.ru/handle/11683/50620 
942 |c BK